| 000 | 00817cam a2200253 a 4500 | ||
|---|---|---|---|
| 001 | 1110152 | ||
| 005 | 20240227051616.0 | ||
| 008 | 940418s1993 enka b 001 0 eng d | ||
| 020 | _a0803986599 (cased) | ||
| 020 | _a0803986602 (pbk) : | ||
| 040 |
_aUk _cUk _dDLC |
||
| 082 |
_222 _a323.334. _bGEN. |
||
| 245 | 0 | 0 |
_aGender and party politics / _cedited by Joni Lovenduski and Pippa Norris. |
| 260 |
_aLondon ; _aThousand Oaks, Calif. : _bSage Publications, _c1993. |
||
| 300 | _ax, 358 p. : | ||
| 500 | _aIncludes index. | ||
| 650 | 0 | _aWomen | |
| 650 | 0 | _aPolitical parties | |
| 700 | 1 |
_aLovenduski, Joni. _eedt |
|
| 700 | 1 |
_aNorris, Pippa. _eedt |
|
| 856 | 4 | 2 | _uhttp://www.loc.gov/catdir/enhancements/fy0656/93085415-d.html |
| 856 | 4 | 1 | _uhttp://www.loc.gov/catdir/enhancements/fy0656/93085415-t.html |
| 942 | _cL | ||
| 999 |
_c500 _d500 |
||